Minecraft Items - W (26.1) - Statistics

General Stats
  • This quiz has been taken 5 times
  • The average score is 51 of 130
Answer Stats
Items % Correct
Warped Button
75%
Warped Door
75%
Warped Fence
75%
Warped Fence Gate
75%
Warped Hyphae
75%
Warped Planks
75%
Warped Pressure Plate
75%
Warped Shelf
75%
Warped Slab
75%
Warped Stairs
75%
Warped Trapdoor
75%
Waxed Cut Copper
75%
Waxed Cut Copper Slab
75%
Waxed Cut Copper Stairs
75%
Waxed Exposed Copper
75%
Waxed Exposed Cut Copper
75%
Waxed Exposed Cut Copper Slab
75%
Waxed Exposed Cut Copper Stairs
75%
Waxed Exposed Lightning Rod
75%
Waxed Lightning Rod
75%
Warped Fungus
50%
Warped Hanging Sign
50%
Warped Roots
50%
Warped Sign
50%
Warped Stem
50%
Water Bucket
50%
Waxed Block of Copper
50%
Waxed Copper Chest
50%
Waxed Copper Door
50%
Waxed Copper Trapdoor
50%
Waxed Exposed Copper Bars
50%
Waxed Exposed Copper Chest
50%
Waxed Exposed Copper Door
50%
Waxed Exposed Copper Trapdoor
50%
Waxed Oxidized Copper
50%
Waxed Oxidized Copper Bars
50%
Waxed Oxidized Copper Chest
50%
Waxed Oxidized Copper Door
50%
Waxed Oxidized Copper Trapdoor
50%
Waxed Oxidized Cut Copper
50%
Waxed Oxidized Cut Copper Slab
50%
Waxed Oxidized Cut Copper Stairs
50%
Waxed Oxidized Lightning Rod
50%
Waxed Weathered Copper
50%
Waxed Weathered Copper Bars
50%
Waxed Weathered Copper Chest
50%
Waxed Weathered Copper Door
50%
Waxed Weathered Copper Trapdoor
50%
Waxed Weathered Cut Copper
50%
Waxed Weathered Cut Copper Slab
50%
Waxed Weathered Cut Copper Stairs
50%
Waxed Weathered Lightning Rod
50%
Wet Sponge
50%
Wheat
50%
White Banner
50%
White Bed
50%
White Bundle
50%
White Candle
50%
White Carpet
50%
White Concrete
50%
White Concrete Powder
50%
White Dye
50%
White Glazed Terracotta
50%
White Harness
50%
White Shulker Box
50%
White Stained Glass
50%
White Stained Glass Pane
50%
White Terracotta
50%
White Wool
50%
Wither Skeleton Skull
50%
Wooden Axe
50%
Wooden Hoe
50%
Wooden Pickaxe
50%
Wooden Shovel
50%
Wooden Spear
50%
Wooden Sword
50%
Waxed Copper Bars
25%
Waxed Copper Bulb
25%
Waxed Copper Chain
25%
Waxed Copper Golem Statue
25%
Waxed Copper Grate
25%
Waxed Exposed Copper Bulb
25%
Waxed Exposed Copper Chain
25%
Waxed Exposed Copper Golem Statue
25%
Waxed Exposed Copper Grate
25%
Waxed Oxidized Copper Bulb
25%
Waxed Oxidized Copper Chain
25%
Waxed Oxidized Copper Golem Statue
25%
Waxed Oxidized Copper Grate
25%
Waxed Weathered Copper Bulb
25%
Waxed Weathered Copper Chain
25%
Waxed Weathered Copper Golem Statue
25%
Waxed Weathered Copper Grate
25%
Weathered Copper
25%
Weathered Copper Bars
25%
Weathered Copper Chest
25%
Weathered Copper Door
25%
Weathered Copper Trapdoor
25%
Weathered Cut Copper
25%
Weathered Cut Copper Slab
25%
Weathered Cut Copper Stairs
25%
Weathered Lightning Rod
25%
Wheat Seeds
25%
White Tulip
25%
Wind Charge
25%
Wither Rose
25%
Wolf Armor
25%
Ward Armor Trim
0%
Warped Fungus on a Stick
0%
Warped Nylium
0%
Warped Wart Block
0%
Waxed Chiseled Copper
0%
Waxed Copper Lantern
0%
Waxed Exposed Chiseled Copper
0%
Waxed Exposed Copper Lantern
0%
Waxed Oxidized Chiseled Copper
0%
Waxed Oxidized Copper Lantern
0%
Waxed Weathered Chiseled Copper
0%
Waxed Weathered Copper Lantern
0%
Wayfinder Armor Trim
0%
Weathered Chiseled Copper
0%
Weathered Copper Bulb
0%
Weathered Copper Chain
0%
Weathered Copper Golem Statue
0%
Weathered Copper Grate
0%
Weathered Copper Lantern
0%
Weeping Vines
0%
Wild Armor Trim
0%
Wildflowers
0%
Written Book
0%
No matching quizzes found
Score Distribution
Percent of People with Each Score
Percentile by Number Answered
Your Score History
You have not taken this quiz